Non '-A' Countries per Letter Quiz Stats

 Plays Quiz Updated Nov 9, 2018

Score 0/24 Timer 01:30
4 Plays Today
Letter Country % Correct
BBahamas...
93.1%
FFiji...
90.5%
DDenmark...
88.4%
IIceland...
86.3%
PPakistan...
83.7%
NNauru...
83.6%
CCameroon...
83.4%
MMadagascar...
82.3%
HHaiti...
81.8%
GGabon...
81.4%
JJapan...
78.7%
LLaos...
78.6%
Letter Country % Correct
QQatar
78.3%
OOman
78.1%
SSaint Kitts and Nevis...
75.1%
UUkraine...
74.4%
KKazakhstan...
74.3%
TTajikistan...
70.7%
YYemen
70.3%
AAfghanistan...
69.1%
EEcuador...
68.4%
VVanuatu...
64%
ZZimbabwe
63.9%
RRepublic of the Congo
21.1%

You're not logged in!

Compare scores with friends on all Sporcle quizzes.
OR
Log In

Show Comments

Extras

Top Quizzes Today


Score Distribution

Your Account Isn't Verified!

In order to create a playlist on Sporcle, you need to verify the email address you used during registration. Go to your Sporcle Settings to finish the process.

Report this User

Report this user for behavior that violates our Community Guidelines.

Details: